Setting research priorities : (Record no. 9564)

MARC details
000 -LEADER
fixed length control field 00984nam a2200229 a 4500
003 - CONTROL NUMBER IDENTIFIER
control field OSt
005 - DATE AND TIME OF LATEST TRANSACTION
control field 20251010163121.0
008 - FIXED-LENGTH DATA ELEMENTS--GENERAL INFORMATION
fixed length control field 950221s1994 ne b b 100 0 eng d
020 ## - INTERNATIONAL STANDARD BOOK NUMBER
International Standard Book Number 906832084
040 ## - CATALOGING SOURCE
Transcribing agency MUST
082 ## - DEWEY DECIMAL CLASSIFICATION NUMBER
Classification number 636.007 SET 1994
245 00 - TITLE STATEMENT
Title Setting research priorities :
Remainder of title towards effective farmer-oriented research /
Statement of responsibility, etc. J. Douwe Meindertsma, editor.
260 ## - PUBLICATION, DISTRIBUTION, ETC. (IMPRINT)
Place of publication, distribution, etc. Amsterdam :
Name of publisher, distributor, etc. Royal Tropical Institute,
Date of publication, distribution, etc. c1994.
300 ## - PHYSICAL DESCRIPTION
Extent 263 p. :
Other physical details maps ;
Dimensions 22 cm.
440 #0 - SERIES STATEMENT/ADDED ENTRY--TITLE
Title Development oriented research in agriculture
9 (RLIN) 16544
500 ## - GENERAL NOTE
General note This vol. originated in an international workshop on research management on Dec. 9-13, 1991 in Amsterdam entitled Priority setting in farming systems research and development.
504 ## - BIBLIOGRAPHY, ETC. NOTE
Bibliography, etc Includes bibliographical references.
650 #0 - SUBJECT ADDED ENTRY--TOPICAL TERM
Topical term or geographic name as entry element Agriculture
General subdivision Research
-- Congresses.
9 (RLIN) 16545
650 #0 - SUBJECT ADDED ENTRY--TOPICAL TERM
Topical term or geographic name as entry element Agriculture
General subdivision Research
Geographic subdivision Developing countries
General subdivision Congresses.
9 (RLIN) 16546
700 1# - ADDED ENTRY--PERSONAL NAME
Personal name Meindertsma, J. Douwe.
9 (RLIN) 16547
942 ## - ADDED ENTRY ELEMENTS (KOHA)
Source of classification or shelving scheme Dewey Decimal Classification
Koha item type Open Shelf
Holdings
Withdrawn status Lost status Source of classification or shelving scheme Damaged status Not for loan Home library Current library Date acquired Source of acquisition Inventory number Total Checkouts Full call number Barcode Date last seen Price effective from Koha item type
    Dewey Decimal Classification     MUST Main Library MUST Main Library 10/10/2025 Donation 04/22065   636.007 SET 1994 2025-0122 10/10/2025 10/10/2025 Open Shelf